000 00791nam a2200265 i 4500
001 000039397
003 DO-SdBNP
005 20250905140307.0
007 ta
008 130626s1993 dr a 000 0 spa d
040 _aDO-SdBNP
_bspa
_cBNPHU
_erda
041 _asp
082 _axxx
_bL817c
_222
100 1 _aLockward, Angel,
_eautor
_911034
245 1 0 _aTiempos de olvido /
_cÁngel Lockward ; ilustración Danilo de los Santos.
264 _aSanto Domingo :
_bTele-3,
_c1993.
300 _a99 páginas :
_bilustraciones. ;
_c23 cm.
336 _ardacontent
_btexto
_2txt
337 _ardamedia
_bsin mediación
_2n
338 _ardacarrier
_bvolumen
_2nc
590 _aInventariado, 2025/DG
700 1 _aSantos, Danilo de los,
_d1943-2018
_910278
910 _aDG
942 _2ddc
_cLBS1
999 _c38887
_d38887